[Event "AUTO-ADV-4936"]
[Site "http://www.queenalice.com/game.php?id=1873348"]
[Date "2026.5.13"]
[Round "1"]
[White "fbenevides2019"]
[Black "EdsonEstevam"]
[Result "0-1"]
[WhiteElo "1810"]
[BlackElo "1753"]

1. e4 e5 2. Qf3 Nc6 3. Bc4 Nf6 4. d3 d6 5. h3 Nd4 6. Qd1 Be7 7. c3 Nc6 8. Nf3 h6
9. Qb3 O-O 10. O-O a6 11. a4 Bd7 12. Qxb7 a5 13. Qb3 Rb8 14. Qd1 Re8 15. Na3 Nh7
16. Nd2 Bh4 17. Qh5 Qe7 18. Nb5 Bg5 19. Nxc7 Red8 20. Nd5 Qf8 21. Qe2 Be6 22.
Nb3 Nf6 23. Nxf6+ Bxf6 24. Bxe6 fxe6 25. Nd2 d5 26. b3 Ne7 27. Qh5 d4 28. c4 g6
29. Qf3 Kh7 30. Rb1 Qg7 31. Qg4 Qf7 32. Rd1 h5 33. Qe2 g5 34. Nf3 g4 35. hxg4
hxg4 36. Nh2 Rg8 37. Nxg4 Rg6 38. f3 Nc6 39. Bd2 Rh8 40. Nxf6+ Qxf6 41. Qf2 Kg8
42. g4 Rg7 43. g5 Qh6 44. Kf1 Qh3+ 45. Ke2 Qh5 46. Rg1 Ne7 47. Bxa5 Ng6 48. Bd8
Nf4+ 49. Kd2 Nh3 50. Qg2 Nxg1 51. Qxg1 Qh2+ 52. Qxh2 Rxh2+ 53. Kc1 Rf2 54. Ba5
Rxg5 55. Bd2 Rg1+ 56. Kc2 Rxb1 57. Kxb1 Rxd2 58. a5 Rxd3 59. Kb2 Rxf3 60. a6 Rf8
61. b4 Ra8 62. b5 Kf8 63. c5 Ke8 64. c6 Kd8 65. Kb3 Kc7 0-1

[Event "AUTO-ADV-4936"]
[Site "http://www.queenalice.com/game.php?id=1873349"]
[Date "2026.5.13"]
[Round "1"]
[White "EdsonEstevam"]
[Black "fbenevides2019"]
[Result "1-0"]
[WhiteElo "1694"]
[BlackElo "1821"]

1. e4 d5 2. d3 h6 3. Nf3 Bg4 4. Be2 dxe4 5. dxe4 Qd7 6. O-O e6 7. Nc3 a6 8. h3
Bxf3 9. Bxf3 Bd6 10. Re1 Qe7 11. e5 Bc5 12. Bxb7 Ra7 13. Bf3 Qh4 14. Re2 Qe7 15.
Be3 Bxe3 16. Rxe3 c6 17. a3 Rd7 18. Rd3 Rxd3 19. cxd3 Qc5 20. d4 Qb6 21. Ne4
Qxb2 22. Rb1 Qxa3 23. Rb3 Qa5 24. Rxb8+ Kd7 25. Rb7+ Kc8 26. Qb1 Qb5 27. Nd6+
1-0

[Event "AUTO-ADV-4868"]
[Site "http://www.queenalice.com/game.php?id=1873471"]
[Date "2026.5.15"]
[Round "3"]
[White "fbenevides2019"]
[Black "miguel7"]
[Result "1-0"]
[WhiteElo "1822"]
[BlackElo "1814"]

1. d4 e5 2. dxe5 Nc6 3. Nf3 Qe7 4. Nc3 Nxe5 5. Nxe5 Qxe5 6. e3 d5 7. Qxd5 Bd6 8.
Qxe5+ Bxe5 9. Bd2 Bg4 10. h3 Bh5 11. g4 Bg6 12. O-O-O Nf6 13. Bg2 c6 14. f4 Bxc3
15. Bxc3 h6 16. Bxf6 gxf6 17. f5 Bh7 18. Rd6 Ke7 19. Rhd1 Rhd8 20. Rxd8 Rxd8 21.
Rxd8 Kxd8 22. c4 h5 23. c5 a5 24. a4 Kc7 25. Kc2 b6 26. cxb6+ Kxb6 27. Kc3 Kc5
28. e4 Kd6 29. Kc4 Ke5 30. Kc5 Kf4 31. Kxc6 Kg3 32. Bf1 hxg4 33. hxg4 Kxg4 34.
Bc4 Kf4 35. Bd5 Ke5 36. Kb5 Bxf5 37. Bxf7 Bxe4 38. Kxa5 Bc6 39. b4 f5 40. b5 Ba8
41. Kb6 f4 42. Bc4 f3 43. a5 f2 44. a6 Bg2 45. Kc5 f1=Q 46. Bxf1 Bxf1 47. Kc6
Bc4 48. a7 Bd5+ 49. Kc7 Kd4 50. b6 1-0